00173nam a22000737a 4500020001500000100001600015245003700031260003100068 a0590457829 aMike Thaler aThe Teacher From The Black Lagon aNew YorkbScholasticc1993